Tolley's employment handbook. (Record no. 101278)

MARC details
000 -LEADER
fixed length control field 00543cam a2200217 4500
008 - FIXED-LENGTH DATA ELEMENTS--GENERAL INFORMATION
fixed length control field 000000n2001 000 0 eng u
020 ## - INTERNATIONAL STANDARD BOOK NUMBER
International Standard Book Number 0754512665
035 ## - SYSTEM CONTROL NUMBER
System control number (Sirsi) u111685
041 ## - LANGUAGE CODE
Language code of text/sound track or separate title eng.
050 ## - LIBRARY OF CONGRESS CALL NUMBER
Classification number 346.41024 SLA
100 ## - MAIN ENTRY--PERSONAL NAME
Personal name Slade, E.
245 ## - TITLE STATEMENT
Title Tolley's employment handbook.
250 ## - EDITION STATEMENT
Edition statement 15th ed.
260 ## - PUBLICATION, DISTRIBUTION, ETC.
Place of publication, distribution, etc. Croydon
Name of publisher, distributor, etc. Tolley
Date of publication, distribution, etc. 2001
300 ## - PHYSICAL DESCRIPTION
Extent lxxxv, 794p.
Dimensions 23cm.
350 ## - PRICE (NR) (BK AM CF MU VM SE) [OBSOLETE]
Price 65.00
520 ## - SUMMARY, ETC.
Summary, etc. Superseded by the 20th ed. (ISBN 0754529533)
650 ## - SUBJECT ADDED ENTRY--TOPICAL TERM
Topical term or geographic name entry element EMPLOYMENT LAW
690 ## - LOCAL SUBJECT ADDED ENTRY--TOPICAL TERM (OCLC, RLIN)
Topical term or geographic name as entry element LAW
942 ## - ADDED ENTRY ELEMENTS (KOHA)
Suppress in OPAC 0
Holdings
Withdrawn status Lost status Source of classification or shelving scheme Damaged status Not for loan Home library Current library Shelving location Date acquired Total Checkouts Full call number Barcode Date last seen Copy number Price effective from Koha item type
    Dewey Decimal Classification     London London Books 08/11/2002   346.41024 SLA Supplement 30068002 06/08/2019 1 06/08/2019 Book